Quiz sur l'Irlande - Statistiques

Statistiques générales
  • Ce quiz a été pris 6 856 fois
    6 699 depuis la dernière actualisation
  • Le résultat moyen est 11 sur 22
Statistiques - réponses
Question Réponse % Correct
Villes officielles Dublin
98%
Plante qui symbolise l'Irlande Trèfle
92%
Saint qui a converti l'Irlande Saint {Patrick}
80%
Aliment qui est venu à manquer de 1845 à 1852, causant une famine Pomme de terre
77%
Irlande, en irlandais Éire
74%
Marque de bière la plus vendue Guinness
70%
Groupe de musique le plus célèbre, qui a signé Sunday Bloody Sunday U2
67%
Compagnie aérienne low-cost Ryanair
65%
Villes officielles Cork
62%
Instrument traditionnel à cordes Harpe
51%
Prêtre traditionnel celte Druide
45%
Villes officielles Galway
45%
Personnage fictif qui se fait attendre dans une pièce de Samuel Beckett Godot
34%
Quatre provinces traditionnelles Ulster
33%
Villes officielles Limerick
31%
Quatre provinces traditionnelles Munster
31%
Surnom de l'île d'Irlande L'Île d'{Émeraude}
29%
Quatre provinces traditionnelles Leinster
27%
Lieu naturel le plus visité du pays Falaises de {Moher}
22%
Quatre provinces traditionnelles Connacht
20%
Villes officielles Waterford
16%
Villes officielles Kilkenny
15%
Aucun quiz correspondant
Distribution des résultats
% des personnes avec chaque résultat
Percentile par nombre de réponses
Votre historique - résultats
Vous n’avez pas pris ce quiz depuis la dernière actualisation